Λεξικόν αρχαίας ελληνικής γλώσσης
Αποθηκεύτηκε σε:
| Κύριος συγγραφέας: | |
|---|---|
| Μορφή: | Βιβλίο |
| Γλώσσα: | Greek |
| Δημοσίευση: |
Αθήνα :
Βιβλιοπρομηθευτική,
1990
|
| Θέματα: | |
| Ετικέτες: |
Προσθήκη ετικέτας
Δεν υπάρχουν, Καταχωρήστε ετικέτα πρώτοι!
|
MARC
| LEADER | 00000nam a2200000 i 4500 | ||
|---|---|---|---|
| 001 | 1/69476 | ||
| 008 | 981104s1990 gre d | ||
| 035 | |l 10030385 | ||
| 040 | |a GR-MY-UA |b gre |e aacr | ||
| 041 | 0 | |a gre | |
| 082 | 0 | |a 489.33 | |
| 100 | 1 | |a Σταματάκος, Ιωάννης Δ. |d 1896-1968. | |
| 245 | 1 | 0 | |a Λεξικόν αρχαίας ελληνικής γλώσσης / |c Ιωάννου Δρ. Σταματάκου |
| 260 | |a Αθήνα : |b Βιβλιοπρομηθευτική, |c 1990 | ||
| 300 | |a 1261 σ. | ||
| 650 | 0 | 0 | |a Greek language, Hellenistic (300 B.C.-600 A.D.) |x Dictionaries. |
| 852 | |a INST |b LESVOS |e 19981104 |h 489.33 ΣΤΑ |p 005100012859 |q 005100012859 |t REF |y 23 | ||
| 901 | |a BIBL-1998-3 | ||
| 909 | |a Λ |b 057211 | ||
| 922 | |a 1ΕΛΗ |b 199805 |c Συνοδεύει το λεξικό της νέας ελληνικής γλώσσας |d EMVASIS | ||